Elementos de la responsabilidad civil: perjuicio, culpa y relación de causalidad

Збережено в:
Бібліографічні деталі
Автори: Mazeaud, Henri (autor), Mazeaud, León (Автор)
Формат: Книга
Мова:Іспанська
Опубліковано: Santiago Parlamento 2008
Предмети:
Теги: Додати тег
Немає тегів, Будьте першим, хто поставить тег для цього запису!

MARC

LEADER 00000nam a2200000 a 4500
001 UCI9649
003 CL-VaPUC
008 081128e20080000CL |||||||||||||||||spa|d
020 |a 9789568253127 
082 0 4 |a 346.4403  |b MAZ  |2 21 
100 |a Mazeaud, Henri  |e autor  |9 574904 
700 0 |a Mazeaud, León  |e author  |9 533507 
245 1 0 |a Elementos de la responsabilidad civil: perjuicio, culpa y relación de causalidad 
300 |a 548 p 
942 |c BK 
945 |d 20081128 00:00:00  |a jtorresc 
260 |a Santiago  |b Parlamento  |c 2008 
650 7 |a RESPONSABILIDAD CIVIL  |2 CL-VaPUC  |9 533508 
650 0 |a Derecho civil  |9 255013 
650 0 |a Delito  |9 336975 
650 7 |a PERJUICIO  |2 CL-VaPUC  |9 533509 
650 7 |a CULPA  |2 CL-VaPUC  |9 372629 
583 |a last modification  |c 20081128 00:00:00  |k Rodrigo Vera 
999 |c 332143  |d 332141 
952 |0 0  |1 0  |4 0  |6 346_440300000000000_MAZ_2008  |7 0  |8 A  |9 419571  |a BIBDER  |b BIBDER  |d 2019-11-22  |i 4501004  |o 346.4403 MAZ 2008  |p 4501004  |r 2023-01-25  |w 2019-11-22  |y BK  |k DER 
952 |0 0  |1 0  |4 0  |6 346_440300000000000_MAZ_2008  |7 0  |8 A  |9 419572  |a BIBDER  |b BIBDER  |d 2019-11-22  |i 4501012  |l 3  |m 1  |o 346.4403 MAZ 2008  |p 4501012  |q 2025-12-31  |r 2024-07-05  |s 2024-07-05  |w 2019-11-22  |y BK  |k DER